France Euro 2000 Squad - Statistics

General Stats
  • This quiz has been taken 700 times
  • The average score is 15 of 22
Answer Stats
Position Club (Then) Club (Now) Answer % Correct
FW Arsenal New York Red Bulls Thierry Henry
97%
MD Juventus Retired Zinedine Zidane
94%
GK Manchester United Retired Fabien Barthez
92%
FW Monaco River Plate David Trezeguet
86%
DF Inter Milan France (Manager) Laurent Blanc
85%
MD Chelsea Marseille (Manager) Didier Deschamps
83%
DF Parma Retired Lilian Thuram
80%
MD Arsenal Retired Emmanuel Petit
78%
DF Chelsea Retired Marcel Desailly
78%
MD Arsenal Manchester City (Football Development Executive) Patrick Vieira
78%
DF Bayern Munich Retired Bixente Lizarazu
77%
MD Marseille Free Agent Robert Pires
73%
FW Real Madrid Shanghai Shenhua Nicolas Anelka
69%
FW Bordeaux Retired Sylvain Wiltord
63%
GK Paris Saint-Germain Retired Bernard Lama
58%
MD Kaiserslautern Retired Youri Djorkaeff
55%
FW Bordeaux Retired Christophe Dugarry
54%
DF Chelsea Retired Frank Leboeuf
54%
DF AS Roma Retired Vincent Candela
49%
MD Real Madrid Retired Christian Karembeu
48%
GK Bordeaux Sedan Ulrich Rame
36%
MD Bordeaux Retired Johan Micoud
29%
No matching quizzes found
Score Distribution
Percent of People with Each Score
Percentile by Number Answered
Your Score History
You have not taken this quiz